Vista normal
Vista MARC
Entrada Término temático
Número de registros utilizados en: 1
001 - CONTROL NUMBER
- control field: 115282
003 - CONTROL NUMBER IDENTIFIER
- control field: OSt
005 - DATE AND TIME OF LATEST TRANSACTION
- control field: 20201025160031.0
008 - FIXED-LENGTH DATA ELEMENTS
- fixed length control field: 201025|| aca||aabn | a|a d
040 ## - CATALOGING SOURCE
- Original cataloging agency: OSt
- Transcribing agency: OSt
150 ## - HEADING--TOPICAL TERM
- Topical term or geographic name entry element: SISTEMAS DE INFORMACIÓN
670 ## - SOURCE DATA FOUND
- Source citation: Work cat.: (OSt): Almanza Moore, Ángela 115280, Diseño de una metodología para la toma de decisiones en la Unidad Funcional de Quirófanos del Hospital Infantil Universitario Rafael Henao Toro de Manizales, 2000.

